00389nam a2200133Ia 4500008004100000041001200041082001600053100001400069245008600083250000800169260004900177300000800226650002100234221030s9999 xx 000 0 und d aEnglish a105.23bPal aB. P. Pal 0aFiber Optics in Telecommunication & Sensor Systems ( DEPARTMENTAL )cby B. P. Pal a1st bNew Age International Pub.aNew Delhic2005 a778 aECE Departmental